| 000 -LEADER | |
|---|---|
| fixed length control field | 00387nam a22001697a 4500 |
| 005 - DATE AND TIME OF LATEST TRANSACTION | |
| control field | 20160628141747.0 |
| 008 - FIXED-LENGTH DATA ELEMENTS--GENERAL INFORMATION | |
| fixed length control field | 160628b xxu||||| |||| 00| 0 eng d |
| 020 ## - INTERNATIONAL STANDARD BOOK NUMBER | |
| ISBN | 81-85749-79-5 |
| 041 ## - LANGUAGE CODE | |
| Language code of text/sound track or separate title | eng |
| 082 ## - DEWEY DECIMAL CLASSIFICATION NUMBER | |
| Item number | 11098 |
| 100 ## - MAIN ENTRY--AUTHOR NAME | |
| Personal name | Gill, P.S. |
| 245 ## - TITLE STATEMENT | |
| Title | Machine Drawing |
| 260 ## - PUBLICATION, DISTRIBUTION, ETC. (IMPRINT) | |
| Name of publisher | Katson Books |
| Year of publication | 2012 |
| 300 ## - PHYSICAL DESCRIPTION | |
| Number of Pages | 709 |
| 650 ## - SUBJECT ADDED ENTRY--TOPICAL TERM | |
| Topical Term | Diploma Engineering |
| 942 ## - ADDED ENTRY ELEMENTS (KOHA) | |
| Koha item type | Books |
| Lost status | Damaged status | Home library | Date acquired | Cost, normal purchase price | Full call number | Accession Number | Koha item type | Current library | Shelving location |
|---|---|---|---|---|---|---|---|---|---|
| JRU Library | 28/06/2016 | 340.00 | 11098 | 11098 | Books | ||||
| JRU Library | 28/06/2016 | 340.00 | 11098 | 11099 | Books | ||||
| JRU Library | 28/06/2016 | 340.00 | 11098 | 11100 | Books | ||||
| JRU Library | 28/06/2016 | 340.00 | 11098 | 11101 | Books | ||||
| JRU Library | 28/06/2016 | 340.00 | 11098 | 11102 | Books | ||||
| JRU Library | 28/06/2016 | 340.00 | 11098 | 11103 | Books | ||||
| JRU Library | 28/06/2016 | 340.00 | 11098 | 11104 | Books | ||||
| JRU Library | 28/06/2016 | 340.00 | 11098 | 11105 | Books | ||||
| JRU Library | 28/06/2016 | 340.00 | 11098 | 11106 | Books | ||||
| JRU Library | 28/06/2016 | 340.00 | 11098 | 11107 | Books | ||||
| JRU Library | 28/06/2016 | 340.00 | 11098 | 11108 | Books | ||||
| JRU Library | 28/06/2016 | 340.00 | 11098 | 11109 | Books | ||||
| JRU Library | 28/06/2016 | 340.00 | 11098 | 11110 | Books | ||||
| JRU Library | 28/06/2016 | 340.00 | 11098 | 11111 | Books | ||||
| JRU Library | 28/06/2016 | 340.00 | 11098 | 11112 | Books | ||||
| JRU Library | 28/06/2016 | 340.00 | 11098 | 11113 | Books | SHELF-45-K | |||
| JRU Library | 28/06/2016 | 340.00 | 11098 | 11114 | Books | ||||
| JRU Library | 28/06/2016 | 340.00 | 11098 | 11115 | Books | ||||
| JRU Library | 28/06/2016 | 340.00 | 11098 | 11116 | Books | ||||
| JRU Library | 28/06/2016 | 340.00 | 11098 | 11117 | Books | ||||
| JRU Library | 28/06/2016 | 340.00 | 11098 | 11118 | Books | ||||
| JRU Library | 28/06/2016 | 340.00 | 11098 | 11119 | Books | ||||
| JRU Library | 28/06/2016 | 340.00 | 11098 | 11120 | Books | ||||
| JRU Library | 28/06/2016 | 340.00 | 11098 | 11121 | Books | ||||
| JRU Library | 28/06/2016 | 340.00 | 11098 | 11122 | Books | ||||
| JRU Library | 28/06/2016 | 340.00 | 11098 | 11123 | Books | ||||
| JRU Library | 28/06/2016 | 340.00 | 11098 | 11124 | Books | ||||
| JRU Library | 28/06/2016 | 340.00 | 11098 | 11125 | Books | ||||
| JRU Library | 28/06/2016 | 340.00 | 11098 | 11126 | Books | ||||
| JRU Library | 28/06/2016 | 340.00 | 11098 | 11127 | Books | ||||
| JRU Library | 28/06/2016 | 340.00 | 11098 | 11128 | Books | ||||
| JRU Library | 28/06/2016 | 340.00 | 11098 | 11129 | Books | SHELF-42-I | |||
| JRU Library | 28/06/2016 | 340.00 | 11098 | 11130 | Books | ||||
| JRU Library | 28/06/2016 | 340.00 | 11098 | 11131 | Books | ||||
| JRU Library | 28/06/2016 | 340.00 | 11098 | 11132 | Books | SHELF-45-K | |||
| JRU Library | 28/06/2016 | 340.00 | 11098 | 11133 | Books | ||||
| JRU Library | 28/06/2016 | 340.00 | 11098 | 11134 | Books | ||||
| JRU Library | 28/06/2016 | 340.00 | 11098 | 11135 | Books | ||||
| JRU Library | 28/06/2016 | 340.00 | 11098 | 11136 | Books | SHELF-45-K | |||
| JRU Library | 28/06/2016 | 340.00 | 11098 | 11137 | Books | SHELF-45-K | |||
| JRU Library | 28/06/2016 | 340.00 | 11098 | 11138 | Books | ||||
| JRU Library | 28/06/2016 | 340.00 | 11098 | 11139 | Books | ||||
| JRU Library | 28/06/2016 | 340.00 | 11098 | 11140 | Books | SHELF-45-K | |||
| JRU Library | 28/06/2016 | 340.00 | 11098 | 11141 | Books | SHELF-45-K | |||
| JRU Library | 28/06/2016 | 340.00 | 11098 | 11142 | Books | SHELF-45-K | |||
| JRU Library | 28/06/2016 | 340.00 | 11098 | 11143 | Books | ||||
| JRU Library | 28/06/2016 | 340.00 | 11098 | 11144 | Books | ||||
| JRU Library | 28/06/2016 | 340.00 | 11098 | 11145 | Books | ||||
| JRU Library | 28/06/2016 | 340.00 | 11098 | 11146 | Books | ||||
| JRU Library | 28/06/2016 | 340.00 | 11098 | 11147 | Books | ||||
| JRU Library | 28/06/2016 | 340.00 | 11098 | 11148 | Books | ||||
| JRU Library | 28/06/2016 | 340.00 | 11098 | 11149 | Books | ||||
| JRU Library | 28/06/2016 | 340.00 | 11098 | 11150 | Books | ||||
| JRU Library | 28/06/2016 | 340.00 | 11098 | 11151 | Books | ||||
| JRU Library | 28/06/2016 | 340.00 | 11098 | 11152 | Books | ||||
| JRU Library | 28/06/2016 | 340.00 | 11098 | 11153 | Books | ||||
| JRU Library | 28/06/2016 | 340.00 | 11098 | 11154 | Books | SHELF-45-K | |||
| JRU Library | 28/06/2016 | 340.00 | 11098 | 11155 | Books | SHELF-45-K | |||
| JRU Library | 28/06/2016 | 340.00 | 11098 | 11156 | Books | ||||
| JRU Library | 28/06/2016 | 340.00 | 11098 | 11157 | Books | ||||
| JRU Library | 28/06/2016 | 340.00 | 11098 | 11158 | Books | SHELF-45-K | |||
| JRU Library | 28/06/2016 | 340.00 | 11098 | 11159 | Books | ||||
| JRU Library | 28/06/2016 | 340.00 | 11098 | 11160 | Books | ||||
| JRU Library | 28/06/2016 | 340.00 | 11098 | 11161 | Books | ||||
| JRU Library | 28/06/2016 | 340.00 | 11098 | 11162 | Books | SHELF-45-K | |||
| JRU Library | 28/06/2016 | 340.00 | 11098 | 11163 | Books | ||||
| JRU Library | 28/06/2016 | 340.00 | 11098 | 11164 | Books | SHELF-45-K | |||
| JRU Library | 28/06/2016 | 340.00 | 11098 | 11165 | Books | SHELF-42-I | |||
| JRU Library | 28/06/2016 | 340.00 | 11098 | 11166 | Books | ||||
| JRU Library | 28/06/2016 | 340.00 | 11098 | 11167 | Books | ||||
| JRU Library | 28/06/2016 | 340.00 | 11098 | 11168 | Books | ||||
| JRU Library | 28/06/2016 | 340.00 | 11098 | 11169 | Books | ||||
| JRU Library | 28/06/2016 | 340.00 | 11098 | 11170 | Books | ||||
| JRU Library | 28/06/2016 | 340.00 | 11098 | 11171 | Books | SHELF-45-K | |||
| JRU Library | 28/06/2016 | 340.00 | 11098 | 11172 | Books | SHELF-42-I | |||
| JRU Library | 28/06/2016 | 340.00 | 11098 | 11173 | Books | ||||
| JRU Library | 28/06/2016 | 340.00 | 11098 | 11174 | Books | SHELF-42-I | |||
| JRU Library | 28/06/2016 | 340.00 | 11098 | 11175 | Books | ||||
| JRU Library | 28/06/2016 | 340.00 | 11098 | 11176 | Books | ||||
| JRU Library | 28/06/2016 | 340.00 | 11098 | 11177 | Books | ||||
| JRU Library | 28/06/2016 | 340.00 | 11098 | 11178 | Books | ||||
| JRU Library | 28/06/2016 | 340.00 | 11098 | 11179 | Books | ||||
| JRU Library | 28/06/2016 | 340.00 | 11098 | 11180 | Books | SHELF-42-K | |||
| JRU Library | 28/06/2016 | 340.00 | 11098 | 11181 | Books | ||||
| JRU Library | 28/06/2016 | 340.00 | 11098 | 11182 | Books | SHELF-45-K | |||
| JRU Library | 28/06/2016 | 340.00 | 11098 | 11183 | Books | ||||
| JRU Library | 28/06/2016 | 340.00 | 11098 | 11184 | Books | ||||
| JRU Library | 28/06/2016 | 340.00 | 11098 | 11185 | Books | ||||
| JRU Library | 28/06/2016 | 340.00 | 11098 | 11186 | Books | ||||
| JRU Library | 28/06/2016 | 340.00 | 11098 | 11187 | Books | ||||
| JRU Library | 28/06/2016 | 340.00 | 11098 | 11188 | Books | ||||
| JRU Library | 28/06/2016 | 340.00 | 11098 | 11189 | Books | ||||
| JRU Library | 28/06/2016 | 340.00 | 11098 | 11190 | Books | ||||
| JRU Library | 28/06/2016 | 340.00 | 11098 | 11191 | Books | ||||
| JRU Library | 28/06/2016 | 340.00 | 11098 | 11192 | Books | ||||
| JRU Library | 28/06/2016 | 340.00 | 11098 | 11193 | Books | ||||
| JRU Library | 28/06/2016 | 340.00 | 11098 | 11194 | Books | ||||
| JRU Library | 28/06/2016 | 340.00 | 11098 | 11195 | Books | ||||
| JRU Library | 28/06/2016 | 340.00 | 11098 | 11196 | Books | ||||
| JRU Library | 28/06/2016 | 340.00 | 11098 | 11197 | Books | ||||
| JRU Library | 28/06/2016 | 340.00 | 11098 | 11198 | Books | ||||
| JRU Library | 28/06/2016 | 340.00 | 11098 | 11199 | Books | ||||
| JRU Library | 28/06/2016 | 340.00 | 11098 | 11200 | Books | SHELF-42-G | |||
| JRU Library | 28/06/2016 | 340.00 | 11098 | 11201 | Books | ||||
| JRU Library | 28/06/2016 | 340.00 | 11098 | 11202 | Books | ||||
| JRU Library | 28/06/2016 | 340.00 | 11098 | 11203 | Books | ||||
| JRU Library | 28/06/2016 | 340.00 | 11098 | 11204 | Books |